|
|
|
|
| LEADER |
00000nab a2200000 ar4500 |
| 001 |
vtls008424823 |
| 003 |
SK-MaSNL |
| 005 |
20260426084050.0 |
| 008 |
250505c2004 xo |r|p|||||||000 b|slo |
| 015 |
|
|
|a SNBRB2006/01
|2 snkbucl
|
| 035 |
|
|
|a (uuid)7b19e819-edf6-46f6-99c4-6fcfcd98805c
|
| 035 |
|
|
|a urn:nbn:sk:snk-ab96pb
|
| 035 |
|
|
|a (urnnbn)urn:nbn:sk:snk:ar-00738w
|
| 038 |
|
|
|a SNKBUCL
|
| 040 |
|
|
|a SNKBUCL
|b slo
|c SNKBUCL
|e AACR2
|
| 041 |
0 |
|
|a slo
|b eng
|
| 044 |
|
|
|a xo
|c SK
|
| 080 |
|
|
|a 904:902.2:572.5
|x (437.6)
|x "07"
|2 1981
|
| 080 |
|
|
|a 572.5
|2 1981
|
| 080 |
|
|
|a 902.2:572.5
|x (437.6)
|x "07"
|2 1981
|
| 100 |
1 |
|
|a Šefčáková, Alena,
|d 1957-
|4 aut
|9 13497
|
| 245 |
1 |
0 |
|a Archeozoologické nálezy z 8. storočia z Bratislavy na ulici Palisády 29
|c Alena Šefčáková
|
| 300 |
|
|
|a Tab.
|
| 504 |
|
|
|a Bibliogr. odkazy
|
| 546 |
|
|
|a Res. angl.
|
| 648 |
|
7 |
|a 8. stor.
|2 snkbucl
|9 1311669
|
| 650 |
0 |
7 |
|a kostrové pozostatky živočíchov
|2 snkbucl
|9 112684
|
| 650 |
0 |
7 |
|a archeologické nálezy
|2 snkbucl
|9 4975
|
| 650 |
0 |
7 |
|a záchranný archeologický výskum
|2 snkbucl
|9 1330878
|
| 650 |
0 |
7 |
|a sídliská (archeológia)
|2 snkbucl
|9 67918
|
| 650 |
0 |
7 |
|a archeozoológia
|2 snkbucl
|9 82590
|
| 651 |
|
7 |
|a Palisády 29 (Bratislava, Slovensko)
|2 snkbucl
|9 1461370
|
| 651 |
|
7 |
|a Bratislava (Slovensko)
|2 snkbucl
|9 14568
|
| 773 |
0 |
|
|t Zborník Mestského múzea Bratislava. XVI, 2004
|d Bratislava : Mestské múzeum, 2004
|g S. 35-38
|x 0524-2428
|z 8096926462
|
| 850 |
|
|
|a Slovenská národná knižnica
|
| 852 |
|
|
|a Slovenská národná knižnica
|
| 954 |
|
|
|a odborná, vedecká literatúra pôvodná (slovenská)
|2 lita
|
| 958 |
|
|
|a article13
|
| 958 |
|
|
|a OND
|
| 958 |
|
|
|a NB
|
| 958 |
|
|
|a EUIPO
|
| 999 |
|
|
|c 2920566
|d 2922496
|